Freud: el teólogo negativo
Saved in:
| 主要作者: | |
|---|---|
| 格式: | 圖書 |
| 語言: | 西班牙语 |
| 出版: |
Salamanca
Universidad Pontificia de Salamanca
1989
|
| 叢編: | Biblioteca Salmanticensis. Estudios, 114
|
| 主題: | |
| 標簽: |
添加標簽
沒有標簽, 成為第一個標記此記錄!
|
MARC
| LEADER | 00000nam a2200000 a 4500 | ||
|---|---|---|---|
| 001 | UCX4047 | ||
| 003 | CL-VaPUC | ||
| 008 | 920312e19890000SP |||||||||||||||||spa|d | ||
| 082 | 0 | 4 | |a 200 |b CAB |2 21 |
| 100 | 0 | |a Cabezas de Herrera Fernández, Ricardo |e author |9 320210 | |
| 245 | 1 | 0 | |a Freud: el teólogo negativo |
| 300 | |a 233 p | ||
| 942 | |c BK | ||
| 945 | |d 19920312 00:00:00 | ||
| 260 | |a Salamanca |b Universidad Pontificia de Salamanca |c 1989 | ||
| 600 | 0 | |a Freud, Sigmund |e author |9 307892 | |
| 583 | |a last modification |c 19920312 00:00:00 |k Rodrigo Vera | ||
| 490 | 0 | |a Biblioteca Salmanticensis. Estudios, 114 | |
| 999 | |c 224633 |d 224631 | ||
| 952 | |0 0 |1 0 |4 0 |6 200_000000000000000_CAB_1989 |7 0 |8 A |9 221422 |a BIBEDU |b BIBEDU |d 2019-11-15 |i 2902079 |o 200 CAB 1989 |p 2902079 |r 2019-11-15 |w 2019-11-15 |y BK |k FIL | ||